| 000 | 00493nam a2200181 a 4500 | ||
|---|---|---|---|
| 001 | 1774863791492 | ||
| 003 | YourLibrary | ||
| 005 | 20260330151550.0 | ||
| 008 | 260330s2003##################000#0#eng## | ||
| 020 | _a9781590840726 | ||
| 082 | 0 | 4 |
_a355.00899607 _bBAR |
| 100 | 1 |
_aBarnett, Tracy, _eauthor. |
|
| 245 | 1 | 0 | _aThe Buffalo Soldiers : |
| 260 |
_bMason Crest Publishers, _c2003. |
||
| 650 | 0 | _aAfrican American soldiers. | |
| 942 | _cENGLISH | ||
| 040 |
_aYourLibrary _beng _cYourLibrary |
||
| 999 |
_c618204 _d618204 |
||